000 01439cam a22003131i 4500
003 SA-RiAUC
005 20240913155819.0
008 240831s2008 ir g b 00110 ara c
020 _a9789648889932
040 _aKW-KcNLK
_bara
_cSA-RiAUC.
_erda
082 0 4 _a251.6
_qSA-RiAUC
_bت ق ي
092 _a251.6
_bت ق ي
100 1 _aتقي الدين، محمد
_eمؤلف.
245 1 2 _aالقواعد العامة في الفقه المقارن :
_bقواعد الضرر والحرج والنية نموذجا /
_cتأليف محمد تقي الدين ؛ تقديم وتعليق وفي الشناوة.
250 _aالطبعة الأولى.
264 1 _aطهران :
_bالمجمع العلمي للتقريب بين المذاهب الإسلامية، مركز التحقيقات والدراسات العلمية :
_bنكار،
_c2008
300 _a296 صفحة ؛
_c24 سم.
336 _aنص
_btxt
_2rdacontent
_3كتاب
337 _aبدون وسيط
_bn
_2rdamedia
338 _aمجلد
_bnc
_2rdacarrier
490 1 _aالمدخل لدراسة الفقه المقارن ؛
_v2
500 _aكشافات : صفحة 263-274.
504 _aببليوجرافية : صفحة 275-290.
650 7 _aالقواعد الفقهية
_2aucsh
700 1 _aالشناوة، وفي
_eمقدم.
830 2 _aالمدخل لدراسة الفقه المقارن
_v2
942 _2ddc
_cBOOK
949 _aSA-JeALM
_d240831
_ukhaled123
_n1
999 _c43
_d43